Normal view
MARC view
- Kadohata, Cynthia,
Entry Nombre Personal
001 - NUMERO DE CONTROL
- campo de control: 46444
003 - IDENTIFICADOR DE NUMERO DE CONTROL
- campo de control: UPN
005 - FECHA Y HORA DE LA ÜLTIMA TRANSACCIÓN
- campo de control: 20220918162158.0
008 - DATOS DE LONGITUD FIJA
- campo de control de longitud fija: 220918nn acannaabn n aaa d
040 ## - FUENTE DE CATALOGACIÓN
- Agencia original de catalogación: UPN
053 #4 - NÚMERO DE CLASIFICACIÓN LC
- Número de clasificación elemento-número único o número inicial de tramo: PS3561 A36
100 1# - ENCABEZAMIENTO - NOMBRE PERSONAL
- Nombre personal: Kadohata, Cynthia,
- Fechas asociadas con el nombre: 1956-
670 ## - FUENTE EN LA QUE SE LOCALIZARON DATOS
- Cita de la fuente: LC/P
680 ## - NOTA PUBLICA DE ACCESO PÚBLICO
- Frase explicativa de la referencia: Escritora estadounidense de origen japonés de libros infantiles y juveniles
902 ## - CATALOGADOR
- Catalogador: CAA/180922
